000 01184nam a22002417a 4500
999 _c60446
_d60446
003 Ge_BSU
005 20230719171140.0
008 230719s2009ge xxu||||| |||| 00| 0 geo d
020 _a9789941014215
041 _ageo
080 _a82-93:821.353.1.09 მ-53
100 _aმელაძე, ლელა, ავტორი.
_919448
245 _aXX საუკუნის ქართული საბავშვო ლიტერატურა /
_cლელა მელაძე ; [რედ. მანანა კვაჭანტირაძე]
264 _aთბილისი :
_b მერიდიანი,
_c 2009.
300 _a276 გვ. ;
_b21 სმ.
504 _aბიბლიოგრ.: გვ. 267-273
520 _aრეზ. ინგლ.
653 _aლიტერატურის ისტორია და კრიტიკა -- ქართული საბავშვო ლიტერატურა
700 _aკვაჭანტირაძე, მანანა
_eრედაქტორი
_95795
710 _aგორის უნ-ტი.
_919449
773 _tნაჩუქარი
942 _2udc
_cBK